El Salvador - Largest cities - Statistics

General Stats
  • This quiz has been taken 9 times
  • The average score is 6 of 10
Answer Stats
Hint Answer % Correct
3. San Salvador
100%
9. Mejicanos
88%
4. San Miguel
88%
1. Soyapango
88%
2. Santa Ana
75%
10. Santa Tecla
50%
5. Apopa
38%
8. Colón
38%
7. Ilopango
38%
6. Tonacatepeque
25%
No matching quizzes found
Score Distribution
Percent of People with Each Score
Percentile by Number Answered
Your Score History
You have not taken this quiz